Tamoxifen affects the activity of nucleoside transport systems : a new application for tamoxifen in development of anticancer regiments /
محفوظ في:
| المؤلف الرئيسي: | |
|---|---|
| التنسيق: | أطروحة كتاب |
| اللغة: | English |
| منشور في: |
1999.
|
| الموضوعات: | |
| الوسوم: |
إضافة وسم
لا توجد وسوم, كن أول من يضع وسما على هذه التسجيلة!
|
| LEADER | 00874cam a2200229 a 4500 | ||
|---|---|---|---|
| 001 | u443155 | ||
| 003 | SIRSI | ||
| 008 | 920910s1999 si v 00 1 eng | ||
| 035 | |a ACH-7175 | ||
| 040 | |a UMP | ||
| 096 | |a WP522 |b Cai 1999 | ||
| 100 | 1 | 0 | |a Cai, Jun. |
| 245 | 1 | 0 | |a Tamoxifen affects the activity of nucleoside transport systems : |b a new application for tamoxifen in development of anticancer regiments / |c Cai Jun. |
| 260 | 0 | |c 1999. | |
| 300 | |a xix, 171 leaves : |b ill. (part col.) ; |c 30 cm. | ||
| 502 | 0 | |a Thesis (M.Sc.) -- Faculty of Medicine, National University of Singapore, 1999. | |
| 504 | |a Bibliography : leaves 129-170 | ||
| 650 | 2 | |a Tamoxifen. | |
| 710 | 2 | 0 | |a Department of Physiology, National University of Singapore, Singapore. |
| 948 | |a 09/08/1999 |b 12/08/1999 | ||
| 596 | |a 2 | ||
| 999 | |a WP522 CAI 1999 |w NLM |c 1 |i A502775304 |l STACKS |m P02MEDKL |r Y |s Y |t TESIS |u 10/9/1999 | ||
